000 00425nam a22001697a 4500
005 20160517153752.0
008 160517b xxu||||| |||| 00| 0 eng d
020 _a81-7493-777-3
041 _aeng
082 _b2562
100 _aP. Subba Rao
_9707
245 _aPersonal and Human Resource Management
260 _aNew Delhi
_bHimalaya Publishing House,
_c2000
300 _a463
650 _aManagement
_9241
942 _cBK
999 _c942
_d942